=LDR 00000nam 2200000 4500 =001 INLIS000000000017797 =005 20130612113018 =008 ***********************************Ind** =035 ##$$0010-061300000017797 =041 ##$$a Ind =082 ##$$a 2x3.04 =090 ##$$a 2x3.04, Zai a =100 ##$$a Zainu, Syaikh Muhammad Bin Jamil =245 ##$$a Al-Firqotun najiyah jalan hidup golongan yang selamat, Syaikh Muhammad Bin Jamil Zainu ; penerjemah, Abu Syafiyah =260 ##$$a 2003 $b Yogyakarta =300 ##$$a 240 hlm, 21 cm =650 ##$$a Aqidah (islam) =850 ##$$a NBPNMAT